| 000 | 00416nam a22001697a 4500 | ||
|---|---|---|---|
| 005 | 20180625103301.0 | ||
| 008 | 160601b xxu||||| |||| 00| 0 eng d | ||
| 020 | _a0-07-462094-0 | ||
| 041 | _aeng | ||
| 082 |
_b6752 _a658 |
||
| 100 |
_aBurton,and others _94393 |
||
| 245 | _aManagement Today Principles & Practice | ||
| 260 |
_aNew Delhi _bTata Mc G. |
||
| 300 | _a583 | ||
| 650 |
_aManagement _9241 |
||
| 942 | _cBK | ||
| 999 |
_c2351 _d2350 |
||